Schreiben in mehreren Sprachen : Deutsch nach Englisch: Mehrsprachigkeit und ihr Einfluss auf die Textkompetenz /

Korporativní autor: Masarykova univerzita. Katedra německého jazyka a literatury
Další autoři: Sorger, Brigitte
Jazyk: Němčina
Vydáno: Brno : Tribun EU, 2013
Vydání: 1. Ausg.
Témata:
Fyzický popis: 357 s. : il. (některé barev.) ; 26 cm
Language note: České a anglické resumé
Knihy
Uloženo v:
LEADER 02858nam a2200697 a 4500
001 nkc20142582154
003 CZ PrNK
005 20140514110613.0
007 ta
008 140401s2013 xr a f 001 0 ger
015 |a cnb002582154 
020 |a 978-80-263-0558-3  |q (váz.) 
035 |a (OCoLC)879565549 
040 |a BOA001  |b cze 
041 0 |a ger  |b cze  |b eng 
043 |a e-xr--- 
045 |a y0y1 
072 7 |a 81  |x Lingvistika. Jazyky  |2 Konspekt  |9 11 
080 |a 81'272  |2 MRF 
080 |a 37.016  |2 MRF 
080 |a 81'246.3  |2 MRF 
080 |a 81'24  |2 MRF 
080 |a 81'42  |2 MRF 
080 |a 81'373.45  |2 MRF 
080 |a 001.81/.87  |2 MRF 
080 |a (437.3)  |2 MRF 
080 |a (048.8:082)  |2 MRF 
245 0 0 |a Schreiben in mehreren Sprachen :  |b Deutsch nach Englisch: Mehrsprachigkeit und ihr Einfluss auf die Textkompetenz /  |c Brigitte Sorger ... et al. (Hrsg.) 
246 3 0 |a Deutsch nach Englisch: Mehrsprachigkeit und ihr Einfluss auf die Textkompetenz 
246 3 0 |a Mehrsprachigkeit und ihr Einfluss auf die Textkompetenz 
250 |a 1. Ausg. 
260 |a Brno :  |b Tribun EU,  |c 2013 
300 |a 357 s. :  |b il. (některé barev.) ;  |c 26 cm 
500 |a Nad názvem: Lehrstuhl für deutsche Sprache und Literatur der Masaryk-Universität Brünn 
504 |a Obsahuje bibliografii, bibliografické odkazy a rejstřík 
546 |a České a anglické resumé 
648 7 |a 2001-2020  |7 ch460601  |2 czenas 
650 0 7 |a jazyková výuka  |7 ph162894  |z Česko  |y 2001-2020  |2 czenas 
650 0 7 |a jazyková politika  |7 ph121323  |z Česko  |y 2001-2020  |2 czenas 
650 0 7 |a kurikulum  |7 ph115039  |z Česko  |y 2001-2020  |2 czenas 
650 0 7 |a multilingvismus  |7 ph123038  |z Česko  |2 czenas 
650 0 7 |a psaný projev  |7 ph182328  |2 czenas 
650 0 7 |a jazykový transfer  |7 ph166084  |2 czenas 
650 0 7 |a výzkumné projekty  |7 ph127480  |z Česko  |y 2001-2020  |2 czenas 
650 0 9 |a language teaching and learning  |z Czechia  |y 2001-2020  |2 eczenas 
650 0 9 |a language policy  |z Czechia  |y 2001-2020  |2 eczenas 
650 0 9 |a curriculum  |z Czechia  |y 2001-2020  |2 eczenas 
650 0 9 |a multilingualism  |z Czechia  |2 eczenas 
650 0 9 |a written language  |2 eczenas 
650 0 9 |a language transfer  |2 eczenas 
650 0 9 |a research projects  |z Czechia  |y 2001-2020  |2 eczenas 
655 7 |a kolektivní monografie  |7 fd501537  |2 czenas 
655 9 |a collective monographs  |2 eczenas 
700 1 |a Sorger, Brigitte  |7 mzk2009502265  |4 edt 
710 2 |a Masarykova univerzita.  |b Katedra německého jazyka a literatury  |7 mzk2002188347 
910 2 |a BOA001  |b 3-1325.403 
990 |a BK 
995 |a 01 
991 |b 201404  |c NOV  |j 81’24 SCH  |e n 
996 6 |b 2610588118  |c 3-1325.403  |l MZK  |r Sklad / do 1 hodiny  |n 2  |p p.v.  |w 001415612  |u 000010  |a 1  |e BOA001  |j MZK50  |s P 
996 7 |b 2610588119  |c 3-1325.403  |l Vol.výběr  |r VV 1p  |n 21  |p p.v.  |h 81’24 SCH  |w 001415612  |u 000020  |a 0  |e BOA001  |j MZK50  |s A